Additive theory of prime numbers

Uloženo v:
Podrobná bibliografie
Hlavní autor: Hua, Loo-Keng (Autor)
Médium: Kniha
Jazyk:angličtina
Vydáno: Providence American Mathematical Society 1965
Edice:Translations of Mathematical Monographs, 13
Témata:
Tagy: Přidat tag
Žádné tagy, Buďte první, kdo vytvoří štítek k tomuto záznamu!

MARC

LEADER 00000nam a2200000 a 4500
001 UCP0819
003 CL-VaPUC
008 990319e19650000US |||||||||||||||||eng|d
082 0 4 |a 512.73  |b HUA  |2 21 
100 |a Hua, Loo-Keng  |e author  |9 426397 
245 1 0 |a Additive theory of prime numbers 
300 |a 190 p 
942 |c BK 
945 |d 19990319 00:00:00  |a crobeson 
260 |a Providence  |b American Mathematical Society  |c 1965 
650 7 |a NUMEROS PRIMOS  |2 CL-VaPUC  |9 270336 
650 0 |a Teoría de números  |9 265327 
650 0 |a Series de Fourier  |9 260465 
650 0 |a Series numéricas  |9 423265 
650 7 |a SUMAS TRIGONOMETRICAS  |2 CL-VaPUC  |9 426398 
583 |a last modification  |c 19990319 00:00:00  |k Rodrigo Vera 
490 0 |a Translations of Mathematical Monographs, 13 
999 |c 279562  |d 279560